Principles and Practice of Automatic Process Control
Saved in:
| Main Authors: | , |
|---|---|
| Format: | Book |
| Language: | English |
| Published: |
New York :
John Wiley & Sons,
1997
|
| Edition: | 2nd Edition |
| Tags: |
No Tags, Be the first to tag this record!
|
MARC
| LEADER | 00000nam a22000003a 4500 | ||
|---|---|---|---|
| 001 | stu48866 | ||
| 005 | 20190206124446.2 | ||
| 008 | 981221s1997------------------------eng-d | ||
| 020 | |a 0-471-57588-7 | ||
| 040 | |a STU |b slo | ||
| 041 | 0 | |a eng | |
| 080 | |a 66.012-52 |7 stu_us_auth*stu8283 | ||
| 080 | |a 517.977 | ||
| 100 | 1 | |a Smith, Carlos A. |4 aut | |
| 245 | 1 | |a Principles and Practice of Automatic Process Control | |
| 250 | |a 2nd Edition | ||
| 260 | |a New York : |b John Wiley & Sons, |c 1997 | ||
| 300 | |a 768 s | ||
| 500 | |a Obr.,tab.,grafy,lit.,index | ||
| 700 | 1 | |a Corripio, Armando B. |4 aut | |
| 996 | |b C95606 |c C*95606 |l CCXVI |s P |a 0 |w stu48866_0001 | ||